1500 1930 1613 1700 1730 1407 1665 1843 1286 1638 1252 1850 1312 1003 1583 1212 1340 1726 1142 1698 1439 1120 1597 1398 1164 1640 1363 1058 1164 1368 1759 1830 1722 1052 1981 1737 1855 1525 1822 1334 1959 1402 1463 1996 1523 1375 1945 1380 1760 1531 1182 1161 1125 1488 1608 1933 1796 1888 1796 1887 1247 1600 1465 1858 1413 1967 1656 1633 1814 1728 1943 1988 1995 1997 1759 1108 1143 1198 1689 1835 1444 1698 1929 1881 1451 1163 1268 1131 1026 1053 1010 1792 1870 1764 1045 1661 1399 1589 1689 BCNSPRNW ULIB Ver.6.0+V

เปลี่ยนเป็นภาษาไทย

Change to English
 แสดงรายละเอียดบรรณานุกรม
  กลับหน้าหลัก

Brief Record : Get Marc (ISO 2709) : E-mail record : QR code < ปิดหน้าต่าง
LEADER : 00000nam 2200000 a 4500
001    13399113815
003     ULIB
008    100831s2010 us a 000 0 eng d
020    ^a9780323057462
060 04 ^aWY20.5^bN974
100    ^a LoBiondo-Wood, Geri and Haber, Judith,^eed.
245 00 ^aNursing research :^bmethods and critical appraisal for
250    ^a7th ed. Study Guide
260    ^aSt. Louis :^bMosby Elsevier,^cc2010
300    ^a 164 p. :^bill. ;^c24 cm.
650  2 ^aNursing
650  2 ^aResearch
650  2 ^aEvidence-based nursing
700 1  ^aLoBiondo-Wood, Geri,^eed.
700 1  ^aHaber, Judith,^eed.
945    ^p800^l0^i030891
995    ^a Kesorn
999 ^a ใช้งานได้ทุกระบบ
รายการนี้ยังไม่มีแท็ก
คุณยังไม่ได้ล็อกอิน คุณสามารถมีกิจกรรมร่วมกับเว็บไซต์ได้ แต่ต้องล็อกอินก่อน ::
  ล็อกอิน

รายการสื่อสารสนเทศ

ลำดับที่ ประเภท เลขเรียก/บาร์โค้ด สถานที่ สถานะ
- ไม่พบข้อมูล -

รายการใกล้เคียง
    หัวเรื่อง [Nursing]
    หัวเรื่อง [Research]
    หัวเรื่อง [Evidence-based nursing]

BibComment


ยังไม่เคยถูกคอมเมนท์

คอมเมนท์ทรัพยากรรายการนี้
  คอมเมนท์: Nursing research..


 Copyright 2026. Bcnsprnw @Library